Daily Capital City Riddle #85 - Statistics

General Stats
  • This quiz has been taken 42 times
  • The average score is 30 of 34
Answer Stats
Type Answer % Correct
Correctly Placed Letter A
100%
Found Letter A
100%
Alphabet Letter B
100%
Alphabet Letter G
100%
Alphabet Letter I
100%
Alphabet Letter L
100%
Alphabet Letter N
100%
Alphabet Letter O
100%
Alphabet Letter P
100%
Found Letter R
100%
Alphabet Letter S
100%
Alphabet Letter C
97%
Alphabet Letter D
97%
Alphabet Letter E
97%
Found Letter T
97%
Alphabet Letter U
97%
Alphabet Letter M
94%
Correctly Placed Letter A
91%
Alphabet Letter V
91%
Alphabet Letter W
91%
Correctly Placed Letter A
88%
Alphabet Letter H
84%
Found Letter K
84%
Alphabet Letter Y
81%
Alphabet Letter Z
81%
Found Letter J
78%
Alphabet Letter X
78%
Alphabet Letter Q
75%
Alphabet Letter F
72%
Correctly Placed Letter K
72%
Correctly Placed Letter T
72%
Correctly Placed Letter J
69%
Mystery Capital Jakarta
69%
Correctly Placed Letter R
69%
No matching quizzes found
Score Distribution
Percent of People with Each Score
Percentile by Number Answered
Your Score History
You have not taken this quiz